2008 Dem. Presidential Candidates Quiz Stats

 Plays Quiz Updated Jan 27, 2019

Support Sporcle.
Go Orange.
Score 0/8 Timer 02:00
3 Plays Today
Office(s) Candidate % Correct
Senator from Illinois (2004-2008)Barack Obama
99.1%
Senator from New York (2001-2009), First Lady (1993-2001)Hillary Rodham Clinton
98.3%
Senator from Delaware (1973-2009)Joe Biden
73%
Senator from North Carolina (1999-2005)John Edwards
71.9%
Governor of New Mexico (2003-2011), Energy Secretary (1998-01), UN Ambassador (1997-98), Representative from New Mexico (1983-97)Bill Richardson
50.4%
Representative from Ohio (1997-2013), Mayor of Cleveland (1977-79)Dennis Kucinich
40.5%
Senator from Connecticut (1981-2011), Representative from Connecticut (1975-1981)Chris Dodd
39.8%
Senator from Alaska (1969-1981)Mike Gravel
21.9%

From the Vault

'B' in History II

by wiggytitch

History 5m
A 'B' in History sounds like a pretty solid grade to us.
Remove Ads.
Support Sporcle.
Get the best of Sporcle when you Go Orange. This ad-free experience offers more features, more stats, and more fun while also helping to support Sporcle. Thank you for becoming a member.

Show Comments

Extras

Top Quizzes Today


Score Distribution

Your Account Isn't Verified!

In order to create a playlist on Sporcle, you need to verify the email address you used during registration. Go to your Sporcle Settings to finish the process.

Report this User

Report this user for behavior that violates our Community Guidelines.

Details: